00501nam a2200145Ia 4500008004100000041000800041082001700049100002100066245004500087260004100132300003000173365000900203999001700212952012600229240624s9999 xx 000 0 und d aeng a658.4012 MAK aMAKHIJANI NARESH aCREATING A BALANCED SCORECARD FOR A FINA c2011aSingaporebJohn Wiley and Sons axv, : 239 : p. : cm. ; 23 cb27 c17716d17716 00104070aIMTNbIMTNcRack 28-Bd2011-09-12eBWEg80.00o658.4012 MAKp17716r2024-06-24 00:00:00t46.8w2024-06-24yBK